<?xml version="1.0" encoding="UTF-8"?>
<record
    xmlns:xsi="http://www.w3.org/2001/XMLSchema-instance"
    xsi:schemaLocation="http://www.loc.gov/MARC21/slim http://www.loc.gov/standards/marcxml/schema/MARC21slim.xsd"
    xmlns="http://www.loc.gov/MARC21/slim">

  <leader>00798nam a22001937a 4500</leader>
  <controlfield tag="005">20240802120811.0</controlfield>
  <datafield tag="010" ind1=" " ind2=" ">
    <subfield code="a">HIN-128123</subfield>
  </datafield>
  <datafield tag="020" ind1=" " ind2=" ">
    <subfield code="c">165.00 </subfield>
    <subfield code="a">9788194487913 </subfield>
  </datafield>
  <datafield tag="035" ind1=" " ind2=" ">
    <subfield code="a">HN-100469</subfield>
  </datafield>
  <datafield tag="037" ind1=" " ind2=" ">
    <subfield code="b">DBAD</subfield>
  </datafield>
  <datafield tag="082" ind1=" " ind2=" ">
    <subfield code="a">133.5</subfield>
  </datafield>
  <datafield tag="100" ind1=" " ind2=" ">
    <subfield code="a">&#x915;&#x941;&#x92E;&#x93E;&#x930; &#x915;&#x943;&#x937;&#x94D;&#x923;&#x93E; </subfield>
    <subfield code="9">69288</subfield>
  </datafield>
  <datafield tag="245" ind1=" " ind2=" ">
    <subfield code="a">&#x91C;&#x94D;&#x92F;&#x94B;&#x924;&#x93F;&#x937; &#x914;&#x930; &#x930;&#x94B;&#x917;/</subfield>
    <subfield code="c"> &#x915;&#x943;&#x937;&#x94D;&#x923;&#x93E; &#x915;&#x941;&#x92E;&#x93E;&#x930;</subfield>
    <subfield code="b">&#x915;&#x930;&#x923; &#x90F;&#x935;&#x902; &#x928;&#x93F;&#x935;&#x93E;&#x930;&#x923;,</subfield>
  </datafield>
  <datafield tag="250" ind1=" " ind2=" ">
    <subfield code="a">1</subfield>
  </datafield>
  <datafield tag="260" ind1=" " ind2=" ">
    <subfield code="a">&#x926;&#x93F;&#x932;&#x94D;&#x932;&#x940;</subfield>
    <subfield code="b">&#x92A;&#x94D;&#x930;&#x915;&#x93E;&#x936;&#x928;  &#x90F; .&#x90F;&#x932;. &#x91C;&#x948;&#x928; &#x90F;&#x932;&#x94D;&#x92B;&#x93E; &#x92A;&#x92C;&#x94D;&#x932;&#x93F;&#x915;&#x947;&#x936;&#x928;</subfield>
    <subfield code="c">2002</subfield>
  </datafield>
  <datafield tag="270" ind1=" " ind2=" ">
    <subfield code="a">2640, &#x930;&#x94B;&#x936;&#x928;&#x92A;&#x942;&#x930;&#x93E; &#x928;&#x908; &#x938;&#x921;&#x93C;&#x915;,</subfield>
    <subfield code="b">&#x926;&#x93F;&#x932;&#x94D;&#x932;&#x940;</subfield>
    <subfield code="e">110006</subfield>
  </datafield>
  <datafield tag="300" ind1=" " ind2=" ">
    <subfield code="a">632p.;</subfield>
    <subfield code="c">22 &#x938;&#x947;&#x92E;&#x940; (&#x938;&#x91C;&#x93F;&#x932;&#x94D;&#x926;)</subfield>
  </datafield>
  <datafield tag="942" ind1=" " ind2=" ">
    <subfield code="2">ddc</subfield>
    <subfield code="c">HN</subfield>
    <subfield code="h">133.5</subfield>
    <subfield code="m">&#x91C;&#x94D;&#x92F;&#x94B;&#x924;&#x93F;&#x937; </subfield>
  </datafield>
  <datafield tag="999" ind1=" " ind2=" ">
    <subfield code="c">204720</subfield>
    <subfield code="d">204720</subfield>
  </datafield>
  <datafield tag="952" ind1=" " ind2=" ">
    <subfield code="0">0</subfield>
    <subfield code="1">0</subfield>
    <subfield code="4">0</subfield>
    <subfield code="7">0</subfield>
    <subfield code="8">NFIC</subfield>
    <subfield code="a">NR</subfield>
    <subfield code="b">NR</subfield>
    <subfield code="d">2024-08-02</subfield>
    <subfield code="e">DBAD</subfield>
    <subfield code="g">175.00</subfield>
    <subfield code="l">0</subfield>
    <subfield code="o">133.5 &#x91C;&#x94D;&#x92F;&#x94B;&#x924;&#x93F;&#x937; </subfield>
    <subfield code="p">HN-100469</subfield>
    <subfield code="r">2024-08-02 00:00:00</subfield>
    <subfield code="t">1</subfield>
    <subfield code="v">175.00</subfield>
    <subfield code="w">2024-08-02</subfield>
    <subfield code="y">HN</subfield>
  </datafield>
</record>
